| 000 | 00457nam a2200181Ia 4500 | ||
|---|---|---|---|
| 001 | 22260 | ||
| 005 | 20260414150819.0 | ||
| 008 | 260414t2013||||xx |||||||||||||| ||spa|| | ||
| 041 | _aESP | ||
| 082 |
_a621.3 _bG64 |
||
| 100 |
_aGómez-Mascaraque Pérez, María Teresa _eAUT |
||
| 245 | 0 |
_aGuía técnica de aplicación del REBT _b |
|
| 260 | _c2013 | ||
| 300 |
_a545 páginas : _c24 cm. |
||
| 650 | _aTCA | ||
| 654 | _aCET | ||
| 942 |
_cLIB _dJUS _fJUS _2ddc _n |
||
| 999 |
_c22260 _d22260 |
||